Langues les plus parlées en Espagne - Statistiques

Statistiques générales
  • Ce quiz a été pris 227 fois
  • Le résultat moyen est 7 sur 10
Statistiques - réponses
% Langue % Correct
94 Espagnol
99%
5,9 Français
94%
11,7 Anglais
93%
1,6 Portugais
86%
1,9 Italien
83%
1,2 Allemand
80%
15,7 Catalan
73%
1,3 Basque
54%
5,6 Galicien
33%
2,8 Roumain
20%
Aucun quiz correspondant
Distribution des résultats
% des personnes avec chaque résultat
Percentile par nombre de réponses
Votre historique - résultats
Vous n’avez pas pris ce quiz